000 00470cam a22001697 4500
001 ltf90000128
003 DLC
005 20260227111549.0
008 900201s1859 ne 000 0 dut
010 _altf90000128
040 _aDLC
_cDLC
050 0 0 _a4UA 10
100 1 _aRees, W. A. van
_q(Willem Adriaan),
_d1820-1898.
245 1 0 _aWachia, Taykong en Amir, of het Nederlandsch-Indisch leger in 1850.
260 _aRotterdam,
_bH. Nijgh,
_c1859.
300 _a220 p.
999 _c37312
_d37312